000 00688nam a2200217 a 4500
001 000022543
005 20240412074250.0
008 101013s1993 dr 000 p spa d
020 _a8489525463
040 _aDO-SdBNP
_bspa
_cBNPHU
082 _aRD861.44
_bH557v
100 1 _aHernández Caamaño, Ida,
_d1949-
_929226
245 1 0 _aViajera del polvo /
_cIda Hernández Caamaño.
260 _aSanto Domingo :
_bINTEC,
_c1993.
300 _a64 p. ;
_c23 cm.
590 _aInventariado, 2018/LP
650 0 _aPoesía dominicana
_966
650 0 _aLiteratura dominicana.
_967
710 2 _aInstituto Tecnológico de Santo Domingo
_978911
910 _aValidado. Control de calidad MMOLINA
999 _c22040
_d22040